[Event "SVK-chT2A 2223"]
[Site "Slovakia"]
[Date "2023.03.25"]
[Round "10.7"]
[White "Paluska, Karol"]
[Black "Havalda, Samuel"]
[Result "0-1"]
[WhiteElo "1938"]
[BlackElo "1877"]
[PlyCount "90"]
[EventDate "2022.10.08"]
[EventType "team-tourn"]
[EventRounds "11"]
[EventCountry "SVK"]
[SourceTitle "EXT 2024"]
[Source "ChessBase"]
[SourceDate "2023.10.10"]
[SourceVersion "1"]
[SourceVersionDate "2023.10.10"]
[SourceQuality "1"]
[WhiteTeam "Bratislava Doprastav II"]
[BlackTeam "Cifer"]
[WhiteTeamCountry "SVK"]
[BlackTeamCountry "SVK"]

1. Nf3 d5 2. d4 Nf6 3. c4 c6 4. Nc3 e6 5. e3 Be7 6. Bd3 0-0 7. 0-0 Nbd7 8. b3 dxc4 9. bxc4 c5 10. Qc2 b6 11. Rd1 cxd4 12. exd4 Bb7 13. Ne5 h6 14. Be3 Rc8 15. Nxd7 Qxd7 16. f3 Ba6 17. Qe2 Qc7 18. Nb5 Bxb5 19. cxb5 Nd5 20. Rac1 Qb8 21. Bd2 Rfd8 22. Be4 Bf6 23. Qf2 Qd6 24. Rxc8 Rxc8 25. Be1 Nf4 26. Kf1 Rc4 27. g3 Nd5 28. Rd3 Nc7 29. Bc6 Bxd4 30. Qd2 Qc5 31. Qf4 Nxb5 32. Qb8+ Kh7 33. Be4+ f5 34. Bb7 Qc7 35. Qxc7 Nxc7 36. Ra3 a5 37. Rd3 e5 38. Bc8 Kg6 39. g4 f4 40. Bh4 Nd5 41. Bf5+ Kf7 42. Be1 Ne3+ 43. Ke2 Rc2+ 44. Bd2 Nxf5 45. gxf5 Be3 0-1

[Event "SVK-chT4 A21 2223"]
[Site "Slovakia"]
[Date "2023.02.12"]
[Round "8.1"]
[White "Havalda, Samuel"]
[Black "Sadlon, Juraj"]
[Result "1-0"]
[WhiteElo "1877"]
[BlackElo "1863"]
[PlyCount "75"]
[EventDate "2022.10.09"]
[EventType "team-tourn"]
[EventRounds "11"]
[EventCountry "SVK"]
[SourceTitle "EXT 2024"]
[Source "ChessBase"]
[SourceDate "2023.10.10"]
[SourceVersion "1"]
[SourceVersionDate "2023.10.10"]
[SourceQuality "1"]
[WhiteTeam "Chtelnica Kamenar"]
[BlackTeam "Brezova pod Bradlom"]
[WhiteTeamCountry "SVK"]
[BlackTeamCountry "SVK"]

1. e4 e5 2. Nf3 Nc6 3. d4 exd4 4. Bc4 d6 5. 0-0 Be7 6. c3 Bg4 7. cxd4 Nf6 8. Nc3 0-0 9. Be3 h6 10. h3 Bh5 11. Kh1 Bg6 12. Bd3 Nh7 13. Nh2 Kh8 14. f4 f5 15. e5 dxe5 16. dxe5 Nb4 17. Be2 Qxd1 18. Raxd1 Rfd8 19. g4 c6 20. a3 Nd5 21. Nxd5 cxd5 22. Bf3 fxg4 23. hxg4 Be4 24. Rd2 b6 25. Rfd1 Kg8 26. Kg2 Kf7 27. Nf1 Ke8 28. Bxe4 dxe4 29. Ng3 Rxd2+ 30. Rxd2 Rd8 31. Nxe4 Rxd2+ 32. Bxd2 Kd7 33. Kf3 Kc6 34. Ke3 Nf8 35. Bc3 Kd5 36. f5 g6 37. e6 Bh4 38. Nf6+ 1-0

[Event "SVK-ch U16"]
[Site "Stara Lubovna"]
[Date "2022.05.27"]
[Round "8"]
[White "Volanek, Maros"]
[Black "Havalda, Samuel"]
[Result "1-0"]
[WhiteElo "1458"]
[BlackElo "1465"]
[PlyCount "29"]
[EventDate "2022.05.21"]
[EventType "swiss"]
[EventRounds "9"]
[EventCountry "SVK"]
[SourceTitle "CBM 208 Extra"]
[Source "ChessBase"]
[SourceDate "2022.07.31"]
[SourceVersion "1"]
[SourceVersionDate "2022.07.31"]
[SourceQuality "1"]

1. d4 d5 2. Nf3 Nf6 3. Bf4 c5 4. e3 Nc6 5. c4 Bf5 6. a3 Qb6 7. Nc3 e6 8. dxc5 Bxc5 9. Nb5 0-0 10. Bc7 Qa6 11. cxd5 Nb4 12. axb4 Bxb4+ 13. Nc3 Bc2 14. Qc1 Bd3 15. Rxa6 1-0

[Event "SVK-ch U16"]
[Site "Stara Lubovna"]
[Date "2022.05.24"]
[Round "5"]
[White "Sevcik, Matej"]
[Black "Havalda, Samuel"]
[Result "1-0"]
[WhiteElo "1820"]
[BlackElo "1465"]
[PlyCount "86"]
[EventDate "2022.05.21"]
[EventType "swiss"]
[EventRounds "9"]
[EventCountry "SVK"]
[SourceTitle "CBM 208 Extra"]
[Source "ChessBase"]
[SourceDate "2022.07.31"]
[SourceVersion "1"]
[SourceVersionDate "2022.07.31"]
[SourceQuality "1"]

1. c4 e5 2. g3 Nf6 3. Bg2 d5 4. cxd5 Nxd5 5. Nf3 Nc6 6. 0-0 Nb6 7. Nc3 Be6 8. d3 f6 9. Be3 Qd7 10. Ne4 0-0-0 11. Rc1 Kb8 12. Bc5 Bd5 13. Nfd2 f5 14. Bxf8 fxe4 15. dxe4 Be6 16. Rxc6 bxc6 17. Bb4 Nc4 18. Qa4 c5 19. Qxd7 Rxd7 20. Nxc4 Bxc4 21. Bxc5 Bxe2 22. Re1 Rd2 23. Bh3 Rhd8 24. Kg2 g5 25. Be6 g4 26. Bd5 Bf3+ 27. Kg1 c6 28. Be7 Rd7 29. Bb4 Rxb2 30. Bc3 Rc2 31. Rb1+ Rb7 32. Bxe5+ Kc8 33. Be6+ Kd8 34. Bf6+ Ke8 35. Bb3 Bxe4 36. Re1 Rd2 37. Rxe4+ Kf8 38. Rxg4 Rf7 39. Rf4 Re2 40. Bg7+ Kxg7 41. Rxf7+ Kg6 42. Rxa7 Re1+ 43. Kg2 Rg1+ 1-0

[Event "SVK-chT4 A21 2122"]
[Site "Slovakia"]
[Date "2022.05.15"]
[Round "6.4"]
[White "Havalda, Samuel"]
[Black "Novomeska, Karin"]
[Result "0-1"]
[WhiteElo "1465"]
[BlackElo "1612"]
[PlyCount "82"]
[EventDate "2021.10.17"]
[EventType "team-tourn"]
[EventRounds "11"]
[EventCountry "SVK"]
[SourceTitle "EXT 2024"]
[Source "ChessBase"]
[SourceDate "2023.10.10"]
[SourceVersion "1"]
[SourceVersionDate "2023.10.10"]
[SourceQuality "1"]
[WhiteTeam "Chtelnica Kamenar"]
[BlackTeam "Stefanov"]
[WhiteTeamCountry "SVK"]
[BlackTeamCountry "SVK"]

1. e4 c6 2. d4 d5 3. Nc3 dxe4 4. Nxe4 Bf5 5. Ng3 Bg6 6. Nf3 Nd7 7. h4 h6 8. Bf4 Ngf6 9. Ne5 Bh7 10. Bc4 e6 11. c3 Nb6 12. Qe2 Nxc4 13. Qxc4 Nd5 14. Ne2 Qf6 15. Bg3 Bd6 16. 0-0 Bxe5 17. dxe5 Qe7 18. Qg4 0-0 19. Rad1 Bf5 20. Qf3 Rad8 21. Nd4 Bh7 22. a3 Nb6 23. Nb3 Rxd1 24. Qxd1 Rd8 25. Qc1 Nc4 26. Nd4 Qc5 27. Re1 Qd5 28. b3 Na5 29. Qb2 c5 30. Nb5 Nxb3 31. Nd6 c4 32. Kh1 Nc5 33. Re3 Qd1+ 34. Kh2 Qd5 35. Kg1 Ne4 36. Qxb7 Rxd6 37. Qxa7 Nxg3 38. exd6 Qd1+ 39. Kh2 Nf1+ 40. Kh3 Bf5+ 41. g4 Qxg4# 0-1

[Event "SVK-ch U14 rapid"]
[Site "Nitra"]
[Date "2021.09.11"]
[Round "4"]
[White "Karapetsas, Athanasios"]
[Black "Havalda, Samuel"]
[Result "0-1"]
[WhiteElo "1294"]
[BlackElo "1572"]
[PlyCount "72"]
[EventDate "2021.09.11"]
[EventType "swiss (rapid)"]
[EventRounds "7"]
[EventCountry "SVK"]
[SourceTitle "EXT 2023"]
[Source "ChessBase"]
[SourceDate "2022.10.05"]
[SourceVersion "1"]
[SourceVersionDate "2022.10.05"]
[SourceQuality "1"]

1. d4 d5 2. c4 e5 3. dxe5 d4 4. Nf3 Nc6 5. Bf4 Bc5 6. e3 dxe3 7. Bxe3 Qxd1+ 8. Kxd1 Bxe3 9. fxe3 Bg4 10. Nbd2 Nxe5 11. Be2 Bxf3 12. Nxf3 0-0-0+ 13. Ke1 Ng4 14. Ng5 Nxe3 15. Kf2 Nc2 16. Rad1 Nh6 17. a3 Rhe8 18. Bd3 Ne3 19. Rd2 Nxc4 20. Rc2 Rxd3 21. Rxc4 b5 22. Rf4 Rd2+ 23. Kf3 f6 24. Ne4 Rxb2 25. Rc1 Rb3+ 26. Kf2 Kb8 27. a4 g5 28. Nxf6 gxf4 29. Nxe8 Ng4+ 30. Kg1 bxa4 31. Nxc7 Rb2 32. Na6+ Ka8 33. Nc7+ Kb7 34. Ne6 a3 35. Rc7+ Kb6 36. Rc1 a2 0-1

[Event "SVK-ch U14"]
[Site "Stara Lubovna"]
[Date "2021.06.29"]
[Round "5"]
[White "Havalda, Samuel"]
[Black "Volanek, Maros"]
[Result "0-1"]
[WhiteElo "1513"]
[BlackElo "1411"]
[PlyCount "80"]
[EventDate "2021.06.26"]
[EventType "swiss"]
[EventRounds "9"]
[EventCountry "SVK"]
[SourceTitle "CBM 203 Extra"]
[Source "ChessBase"]
[SourceDate "2021.09.30"]
[SourceVersion "1"]
[SourceVersionDate "2021.09.30"]
[SourceQuality "1"]

1. e4 c6 2. d4 d5 3. Nc3 dxe4 4. Nxe4 Nf6 5. Ng3 e6 6. Nf3 Bd6 7. Bg5 Nbd7 8. Bc4 h6 9. Bd2 Qc7 10. Qe2 0-0 11. 0-0-0 b5 12. Bb3 a5 13. a4 Ba6 14. Qe1 Qa7 15. h4 bxa4 16. Bxa4 Bb5 17. Bxb5 cxb5 18. Qe2 Rfb8 19. Be3 Qa6 20. Rde1 a4 21. Qd2 a3 22. b3 a2 23. Kb2 Qa3+ 24. Ka1 Nd5 25. Qc1 Qxc1+ 26. Bxc1 Bb4 27. Bd2 Rc8 28. Rc1 Bxd2 29. Nxd2 Nb4 30. c4 bxc4 31. Nxc4 Nd3 32. Rc2 Rcb8 33. Rxa2 Rxa2+ 34. Kxa2 Nxf2 35. Nd6 Nf6 36. Rc1 Ra8+ 37. Kb2 Nd3+ 38. Kc2 Nxc1 39. Kxc1 Ra2 40. Nf1 Ra1+ 0-1

[Event "SVK-ch U14"]
[Site "Stara Lubovna"]
[Date "2021.06.27"]
[Round "2"]
[White "Janik, Marek Tobias"]
[Black "Havalda, Samuel"]
[Result "1-0"]
[WhiteElo "1782"]
[BlackElo "1513"]
[PlyCount "142"]
[EventDate "2021.06.26"]
[EventType "swiss"]
[EventRounds "9"]
[EventCountry "SVK"]
[SourceTitle "CBM 203 Extra"]
[Source "ChessBase"]
[SourceDate "2021.09.30"]
[SourceVersion "1"]
[SourceVersionDate "2021.09.30"]
[SourceQuality "1"]

1. c4 e5 2. Nc3 Nf6 3. g3 d5 4. cxd5 Nxd5 5. Bg2 Nb6 6. Nf3 Nc6 7. 0-0 Be6 8. b3 Be7 9. Bb2 0-0 10. Rc1 Qd7 11. Ne4 f6 12. d4 Bd5 13. Nc5 Qc8 14. e4 Bf7 15. d5 Rd8 16. Qe2 Bxc5 17. Rxc5 Ne7 18. Rfc1 c6 19. Ba3 Qd7 20. R5c2 Rac8 21. d6 Ng6 22. h4 Be6 23. h5 Nh8 24. Nh4 Nf7 25. Rd2 Qe8 26. Bf3 Rd7 27. Bg4 Nh6 28. Bxe6+ Qxe6 29. f4 Re8 30. f5 Qf7 31. g4 Red8 32. Rc3 Qe8 33. Rg3 Nf7 34. Qd1 Nc8 35. Rgd3 Ng5 36. Qe1 b6 37. Qe3 c5 38. Bxc5 bxc5 39. Qxc5 Qf7 40. Qb4 Qf8 41. Ng6 hxg6 42. hxg6 Rxd6 43. Qc4+ Nf7 44. Rxd6 Ncxd6 45. Qe6 Qe8 46. Qd5 Kf8 47. gxf7 Nxf7 48. Qc5+ Qe7 49. Rxd8+ Nxd8 50. Qf2 Nb7 51. Qxa7 Qc5+ 52. Qxc5+ Nxc5 53. b4 Na4 54. a3 Ke7 55. Kf2 Kf7 56. Ke3 g6 57. Kd3 Nb6 58. b5 g5 59. Kc3 Ke7 60. Kb4 Kd6 61. a4 Kd7 62. a5 Nc8 63. Kc5 Nd6 64. a6 Nxe4+ 65. Kd5 Nd6 66. b6 Nc8 67. Kc5 e4 68. a7 e3 69. a8Q e2 70. Qc6+ Kd8 71. b7 e1Q 1-0

[Event "Bratislava Rintel Memorial"]
[Site "Bratislava"]
[Date "2018.08.29"]
[Round "1"]
[White "Dubanova, Kristina"]
[Black "Havalda, Samuel"]
[Result "0-1"]
[WhiteElo "1027"]
[BlackElo "1453"]
[PlyCount "77"]
[EventDate "2018.08.29"]
[EventType "swiss"]
[EventRounds "7"]
[EventCountry "SVK"]
[SourceTitle "CBM 186 Extra"]
[Source "ChessBase"]
[SourceDate "2018.08.24"]
[SourceVersion "1"]
[SourceVersionDate "2018.08.24"]
[SourceQuality "1"]

1. e4 e5 2. Nf3 d5 3. exd5 Bd6 4. Nc3 Nf6 5. Bc4 0-0 6. 0-0 Re8 7. d3 c6 8. Bg5 Be7 9. d4 exd4 10. Qxd4 cxd5 11. Bd3 Nc6 12. Qf4 d4 13. Ne2 h6 14. Bxf6 Bxf6 15. Rfe1 Ne5 16. Nfxd4 Nxd3 17. cxd3 Be5 18. Qf3 Qh4 19. g3 Qd8 20. Nc2 Bxb2 21. Rab1 Qf6 22. Qg2 Rb8 23. d4 Bg4 24. Qf1 Bxe2 25. Rxe2 Rxe2 26. Qxe2 Bxd4 27. Rb4 Bc5 28. Rf4 Qc6 29. Qe5 Rd8 30. Qe1 Qd5 31. Rg4 Qf3 32. Rf4 Qd1 33. Rc4 b6 34. Qf1 Rd2 35. Ne3 Qxf1+ 36. Nxf1 Rxf2 37. Rxc5 Rxf1+ 38. Kxf1 bxc5 39. Ke2 0-1